| 000 | 00630nam a22001937a 4500 | ||
|---|---|---|---|
| 999 |
_c1382 _d1382 |
||
| 003 | AR-CdUCM | ||
| 008 | 190226b ||||| |||| 00| 0 spa d | ||
| 040 |
_aMUNICIPALIDAD PROVINCIAL DEL CUSCO _cBIBLIOTECA MUNICIPAL DEL CUSCO |
||
| 082 |
_a869.56 / _bG22 |
||
| 100 |
_aGarcía Calderón, Inés _95268 |
||
| 245 | _aDespués de un cuarto de siglo... pasada la guerra / | ||
| 260 |
_aLima : _bEco del Buho, _c1989. |
||
| 300 |
_a117 páginas , _b ilustraciones ; _c21 cm. |
||
| 650 |
_aLiteratura peruana _9169 |
||
| 650 |
_aPoesías peruanas _91481 |
||
| 650 |
_aPoesías siglo XX _93861 |
||
| 942 |
_2ddc _cLIBROS |
||
| 945 | _azta | ||